000 00851nam a2200217 i 4500
001 185867
003 ES-MaACL
005 20250822155655.0
008 160817s1949 sp |||| | spa d
100 1 _aIñiguez Almech, Francisco.
_965371
245 1 0 _aTrujillo :
_bestudio histórico artístico /
_cpor D. Francisco Íñiguez Almech ; fotografías de J. del Palacio.
260 _a[Madrid] :
_bCultura Hispánica,
_c1949.
300 _aXXXVII p., 5 h., 1 plano, 90 p. de lám. ;
_c29 cm.
490 1 _aCuadernos de arte ;
_v3
594 _aJoaquín del Palacio firmó sus trabajos fotográficos con el nombre de Kindel.
651 4 _aTrujillo (Cáceres)-
_xDescripción
_99458
700 0 _aKindel (
_d1905-1989)
_9172693
830 1 _aCuadernos de arte
_v3
_9183754
852 _aES-MaACL
_jC-31475
999 _c185867
_d185867